000 00339nam a22001457a 4500
003 OSt
008 240130b |||||||| |||| 00| 0 eng d
020 _a9788181592828
100 _aGOPINATH,MN
245 _aBanking Principles and Operations
250 _a7th Ed
260 _aMumbai
_bShowwhite
_c2017
300 _a804
942 _2ddc
_cBK
999 _c12209
_d12209